00647cam a2200193 a 4500020001500000020002200015040000800037082002600045100001900071245005500090260007400145300003600219650001800255650002600273650001900299700001700318856006300335856005500398 a0521582571 a0521587824 (pbk.) cDLC00a330 CAM 1998 A011 Or.1 aMaddala, G. S.10aUnit roots, cointegration, and structural change / aCambridge [England] ;aNew York :bCambridge University Press,c1998. axviii, 505 p. :bill. ;c24 cm. 0aEconometrics. 0aTime-series analysis. 0aCointegration.1 aKim, In-Moo.42uhttp://www.loc.gov/catdir/description/cam029/98017325.html41uhttp://www.loc.gov/catdir/toc/cam022/98017325.html